000 00849cad a22001815a 4500
001 L151912
008 101222e20101215xxk 000 0 eng d
035 _a(Sirsi) u151912
041 0 _aeng
245 0 0 _aCML publishes 2011 market forecasts
490 _aCML News and Views
_v 15 December 2010
520 _aActivity in housing and mortgage markets predicted to remain broadly flat in 2011. Historically low interest rates are likely to underpin significantly current house price values, despite low levels of property sales. Bank of England interest rate is expected to remain at 0.5%.
590 _aKA
651 4 _aUNITED KINGDOM
690 _aPROPERTY-RESIDENTIAL PROPERTY-RESIDENTIAL PROPERTY MARKET
856 4 0 _uhttps://www.cml.org.uk/cml/publications/newsandviews/80/290
_zView this item free of charge at www.cml.org.uk
942 _n0
999 _c82864
_d82864